CAF Africa Cup of Nations top 4 and host country - Statistics

General Stats
  • This quiz has been taken 632 times
    465 since last reset
  • The average score is 23 of 27
Answer Stats
Answer % Correct
Egypt
99%
Morocco
97%
Senegal
97%
South Africa
97%
Algeria
95%
Ivory Coast
95%
Nigeria
95%
Cameroon
93%
Tunisia
93%
Ghana
91%
Democratic Republic of Congo
90%
Sudan
90%
Mali
89%
Zambia
88%
Ethiopia
87%
People's Republic of Congo
87%
Angola
86%
Kenya
85%
Libya
85%
Guinea
83%
Gabon
81%
Tanzania
80%
Uganda
80%
Burkina Faso
75%
Equatorial Guinea
68%
Zaire
55%
United Arab Republic
27%
No matching quizzes found
Score Distribution
Percent of People with Each Score
Percentile by Number Answered
Your Score History
You have not taken this quiz since the last reset